barış, demokrasi, özgürlük / (Record no. 14718)

MARC details
000 -BAŞLIK
Sabit Uzunlukta Kontrol Alanı 00578nam a22001937a 4500
999 ## - SİSTEM KONTROL NUMARALARI (KOHA)
Koha Biblionumber 14718
Koha Biblioitemnumber 14718
003 - KONTROL NUMARASI IDENTIFIER
Denetim Alanı MIRAKIL
005 - SON İŞLEM TARİHİ VE ZAMANI
Denetim Alanı 20211223110904.0
008 - SABİT-BOY VERİ ELEMANLARI - GENEL BİLGİLER
Sabit Uzunlukta Kontrol Alanı 211223b tu ||||| |||| 00| 0 tur d
040 ## - KATALOGLAMA KAYNAK
Orijinal Kataloglama Ajansı TR-AnCHP
Metne Dönüştürmek Ajansı TR-AnCHP
041 ## - DİL KODU
Metin / Ses Parça Veya Ayrı Başlığın Dil Kodu tur
082 ## - DEWEY ONLU SINIFLANDIRMA NUMARASI
Sınıflandırma Numarası 320.9561
Ürün Numarası İ63b 1982
100 ## - ANA GİRİŞ - KİŞİSEL İSİM
Kişisel Ad İpekçi, Abdi
245 10 - BAŞLIK TABLOSU
Başlık barış, demokrasi, özgürlük /
Sorumluluk Tablosu, Vb Abdi İpekçi
260 ## - YAYIN, DAĞITIM, VB
Yayın, Dağıtım, Vb Yeri [İstanbul] :
Yayıncı, Dağıtıcı, Vs Adı Adam Yayınları,
Yayın, Dağıtım, Vb Tarihi 1982.
300 ## - FİZİKSEL TANIM
Kapsam 641 s.:
Boyutlar 19 sm.
600 #0 - KONU KATMA GİRİŞ - KURUMSAL ADI
9 (RLIN) 5818
Kişisel Ad İpekçi, Abdi
Başlıklar Ve Bir Adla İlişkili Diğer Kelimeler Gazeteci
Bir Adıyla İlişkilendirilen Tarihler 1929-1979
Genel Alt Bölümü Makaleler
650 #0 - KONU KATMA GİRİŞ - TOPİKAL DÖNEM
9 (RLIN) 9
Topikal Süreli Veya Coğrafi Ad Giriş Elemanı Siyaset ve yönetim
Genel Alt Bölümü Türkiye
942 ## - EKLENDİ GİRİŞ ELEMANLARI (KOHA)
Sınıflandırma Veya Raf Düzeni Kaynak Dewey Decimal Classification
Koha Öğesi Türü Books
Holdings
Kalıcı Konum Mevcut Konum Edinme Tarihi Toplam Check-Out'Lar Tam Çağrı Numarası Barkod Tarih Son Görülme Kopya Sayısı İtibaren Geçerli Fiyatlar Koha Öğesi Türü
CHP Kütüphanesi CHP Kütüphanesi 12/23/2021   320.9561 İ63b 1982 020210 12/23/2021 c.1 12/23/2021 Books